| 000 | 00329nam a2200109 4500 | ||
|---|---|---|---|
| 999 |
_c11116 _d11116 |
||
| 008 | 181012b ||||| |||| 00| 0 eng d | ||
| 245 | _a12.5 million tree seedlings to regrow lost forest cover. | ||
| 260 |
_aPhilippines _bManila Bulletin _cc2017 |
||
| 300 | _apage 7. | ||
| 650 | 0 |
_932141 _aEnvironmental movement. |
|
| 942 |
_2ddc _cPER |
||